000 00296nam a22001337a 4500
008 180105b xxu||||| |||| 00| 0 eng d
020 _a9780385181013
041 _aeng
080 _23rd
_a038
100 _a39
101 _aFJA
245 _aDictionary Geological
_cBates, R.L
942 _2udc
_cBK
999 _c39812
_d39812